| 000 | 00811cam a2200241 4500 | ||
|---|---|---|---|
| 001 | 5224 | ||
| 005 | 20230411085753.0 | ||
| 008 | 060907n1996 sp spa | ||
| 020 | _a9706075585 | ||
| 020 | _a9789706075581 | ||
| 035 | _9funglode5268 | ||
| 041 | _aspa | ||
| 050 | 1 | 4 |
_aR AG 61 _bP425 1996 |
| 245 | 0 | 3 |
_aEl pequeño Larousse ilustrado 1997 : _ben color, 90,000 palabras, 5000 ilustraciones en color, 250 mapas históricos y geográficos. |
| 250 | _a2a ed. | ||
| 260 |
_aMéxico : _bLarousse, _c1996 |
||
| 300 |
_a1792 p. : _bill., ports., maps (some col.) ; _c21 cm. |
||
| 650 | 0 | _aEncyclopedias and dictionaries, Spanish. | |
| 650 | 0 |
_aSpanish language _vDictionaries. |
|
| 650 | 4 | _aEnciclopedias y diccionarios, español | |
| 650 | 4 |
_aLengua española _vDiccionarios |
|
| 942 |
_2lcc _cbk |
||
| 999 |
_c107126 _d107126 |
||